000
00213nam a2200097Ia 4500
008
190216s9999||||xx |||||||||||||| ||und||
100
_a
Null
245
0
_a
Hindi-Un Nirmanaka
260
_b
Sahithyasadan
942
_c
BK
999
_c
18475
_d
18475